Kto vlastní zdroje surovín, diktuje podmienky - Investície do budúcnosti

Hlad po priemyselných surovinách vo svete rapídne stúpa. Produkcia sa zvyšuje, spotreba rastie a trh na to reaguje zvyšovaním cien. Bežná surovina ako meď bude čoskoro možno nedostatkový tovar. Nové hybridné technológie a elektromotory v autách vyžadujú veľké zvýšenie spotreby medi. Antimón, grafit,...

ver descrição completa

Na minha lista:
Detalhes bibliográficos
Formato: Capítulo de Livro
Idioma:eslovaco
Tags: Adicionar Tag
Sem tags, seja o primeiro a adicionar uma tag!

MARC

LEADER 00000naa a2200000 4500
001 0269395
005 20201021161707.2
041 0 |a slo 
044 |a SK 
245 1 0 |a Kto vlastní zdroje surovín, diktuje podmienky - Investície do budúcnosti 
520 |a Hlad po priemyselných surovinách vo svete rapídne stúpa. Produkcia sa zvyšuje, spotreba rastie a trh na to reaguje zvyšovaním cien. Bežná surovina ako meď bude čoskoro možno nedostatkový tovar. Nové hybridné technológie a elektromotory v autách vyžadujú veľké zvýšenie spotreby medi. Antimón, grafit, gálium, indium, niób, vzácne zeminy, platina či horčík, to všetko treba dovážať do Európy za stále vyššie ceny. Veľká časť zásob globálne dôležitých surovín je v štátoch ako Čína, Rusko, India.